<?xml version="1.0" encoding="UTF-8"?>
<record
    xmlns:xsi="http://www.w3.org/2001/XMLSchema-instance"
    xsi:schemaLocation="http://www.loc.gov/MARC21/slim http://www.loc.gov/standards/marcxml/schema/MARC21slim.xsd"
    xmlns="http://www.loc.gov/MARC21/slim">

  <leader>03218nam a22002297a 4500</leader>
  <controlfield tag="005">20250508085404.0</controlfield>
  <controlfield tag="008">250429b        |||||||| |||| 00| 0 eng d</controlfield>
  <datafield tag="020" ind1=" " ind2=" ">
    <subfield code="a">8180549518</subfield>
  </datafield>
  <datafield tag="040" ind1=" " ind2=" ">
    <subfield code="c">AIMIT LIBRARY</subfield>
  </datafield>
  <datafield tag="082" ind1=" " ind2=" ">
    <subfield code="2">1</subfield>
    <subfield code="a">658.3</subfield>
    <subfield code="b">GUPC</subfield>
  </datafield>
  <datafield tag="100" ind1=" " ind2=" ">
    <subfield code="a">Gupta, C B.</subfield>
    <subfield code="9">209022</subfield>
  </datafield>
  <datafield tag="245" ind1=" " ind2=" ">
    <subfield code="a">Essentials of human resource management /</subfield>
    <subfield code="c">By Gupta C B.</subfield>
  </datafield>
  <datafield tag="250" ind1=" " ind2=" ">
    <subfield code="a">1st ed.</subfield>
  </datafield>
  <datafield tag="260" ind1=" " ind2=" ">
    <subfield code="a">New Delhi :</subfield>
    <subfield code="b">Sultan Chand &amp; Sons ,</subfield>
    <subfield code="c">2018.</subfield>
  </datafield>
  <datafield tag="300" ind1=" " ind2=" ">
    <subfield code="a">x,6.16,A4p. ;</subfield>
    <subfield code="b">PB</subfield>
    <subfield code="c">24.8 cm</subfield>
  </datafield>
  <datafield tag="500" ind1=" " ind2=" ">
    <subfield code="a">Salient Features
Systematic arrangement and analytical presentation of the subject matter
Contemporary approach
Comprehensive arrangement of topics
Insights from Indian Industry in the form of boxes
Provides an indepth understanding of the subject
Pedagogical Features
Learning objectives in the beginning of every chapter
Tables, boxes and diagrams to illustrate the text
Summary at the end of every chapter for quick recapitulation
Test Questions at the end of every chapter for self-examination
Case study at the end of every chapter
Select Bibliography for advanced learning</subfield>
  </datafield>
  <datafield tag="505" ind1=" " ind2=" ">
    <subfield code="a">Contents: 

Introduction 
Concept of Human Resource Management
Nature of Human Resource Management 
Functions of Human Resource Management
Importance of Human Resource Management 
Development of Human Resource Management 
Contribution of Industrial Psychology 
Organisation of Human Resource Department 
Human Resource Policies
Unit At a Glance 
Test Questions 
Procurement 
Concept and Process of Human Resource Planning 
Concept of Job Analysis, Job Description and Job Specification Nature and Sources of Recruitment
Nature and Process of Selection
Role of Tests and Interviews
Concepts of Induction and Socialisation
Unit at a Glance 
Test Questions 
Training and Development
Concepts of Training and Development
Importance of Training and Development
Types of Training
Identifying Training Needs
Designing a Training Programme
Methods of Training
Concept and Methods of Executive Development
Unit at a Glance
Test Questions
Performance Management System
Concept of Performance Appraisal
Objectives of Performance Appraisal
Problems in Performance Appraisal
Essentials of an Effective Performance Appraisal System
Methods of Performance Appraisal
Job Changes&#x2014;Transfers and Promotions
Employee Counselling
Unit At a Glance
Test Questions
Compensation Management
Concept of Compensation
Components of Compensation
Fringe Benefits
Concept of Compensation Management
Performance Linked Compensation
Profit-sharing
Labour Co-partnership
Employee Stock Option Plans (ESOPs)
Employee Health
Employee Welfare
Social Security
Unit At a Glance
Test Questions
Emerging Horizons in HRM
Human Resource Management in IT Industry
Business Process Re-engineering (BPR)
Downsizing
Voluntary Retirement Scheme (VRS)
Changing Role of Human Resource Management
Unit At a Glance
Test Questions
Objective Type Questions (A-1&#x2013;A.4)
Cases (A.5&#x2013;A.18)
Question Papers of Delhi University (A.1)</subfield>
  </datafield>
  <datafield tag="650" ind1=" " ind2=" ">
    <subfield code="a">Training and development</subfield>
    <subfield code="9">209023</subfield>
  </datafield>
  <datafield tag="650" ind1=" " ind2=" ">
    <subfield code="a">Performance management system</subfield>
    <subfield code="9">209024</subfield>
  </datafield>
  <datafield tag="650" ind1=" " ind2=" ">
    <subfield code="a">Compensation management</subfield>
    <subfield code="9">209025</subfield>
  </datafield>
  <datafield tag="942" ind1=" " ind2=" ">
    <subfield code="2">ddc</subfield>
    <subfield code="c">BK</subfield>
    <subfield code="e">1st</subfield>
    <subfield code="k">658.3 GUPC</subfield>
  </datafield>
  <datafield tag="999" ind1=" " ind2=" ">
    <subfield code="c">234261</subfield>
    <subfield code="d">234261</subfield>
  </datafield>
  <datafield tag="952" ind1=" " ind2=" ">
    <subfield code="0">0</subfield>
    <subfield code="1">0</subfield>
    <subfield code="2">ddc</subfield>
    <subfield code="4">0</subfield>
    <subfield code="7">0</subfield>
    <subfield code="8">MBA</subfield>
    <subfield code="a">AIMIT</subfield>
    <subfield code="b">AIMIT</subfield>
    <subfield code="c">HRM</subfield>
    <subfield code="d">2025-03-14</subfield>
    <subfield code="e">Biblios Book Point</subfield>
    <subfield code="g">140.00</subfield>
    <subfield code="i">Bill no:7467; Bill dt:2025/3/11</subfield>
    <subfield code="l">0</subfield>
    <subfield code="o">658.3 GUPC</subfield>
    <subfield code="p">MBA15032</subfield>
    <subfield code="r">2026-05-23 00:00:00</subfield>
    <subfield code="v">119.00</subfield>
    <subfield code="w">2025-04-29</subfield>
    <subfield code="y">BK</subfield>
  </datafield>
  <datafield tag="952" ind1=" " ind2=" ">
    <subfield code="0">0</subfield>
    <subfield code="1">0</subfield>
    <subfield code="2">ddc</subfield>
    <subfield code="4">0</subfield>
    <subfield code="7">0</subfield>
    <subfield code="8">MBA</subfield>
    <subfield code="a">AIMIT</subfield>
    <subfield code="b">AIMIT</subfield>
    <subfield code="c">HRM</subfield>
    <subfield code="d">2025-03-14</subfield>
    <subfield code="e">Biblios Book Point</subfield>
    <subfield code="g">140.00</subfield>
    <subfield code="i">Bill no:7467; Bill dt:2025/3/11</subfield>
    <subfield code="l">0</subfield>
    <subfield code="o">658.3 GUPC</subfield>
    <subfield code="p">MBA15033</subfield>
    <subfield code="r">2026-05-23 00:00:00</subfield>
    <subfield code="v">119.00</subfield>
    <subfield code="w">2025-04-29</subfield>
    <subfield code="y">BK</subfield>
  </datafield>
</record>
